000 00292nam a2200133Ia 4500
008 240624s9999 xx 000 0 und d
041 _aeng
082 _a823 STA
100 _aSTARR JASON
245 _aPACK
260 _c2012
_aLondon
_bPenguin
300 _a354p. ; 20cm.
365 _cRS
_b25
999 _c19965
_d19965